|
|
|
|
| LEADER |
01348cam a2200337Ia 4500 |
| 001 |
9780203222430 |
| 003 |
FlBoTFG |
| 005 |
20091230162919.0 |
| 006 |
a|||||s||||||||||| |
| 007 |
cr|||| |
| 008 |
921112s1993 enk s 001 0 eng d |
| 020 |
|
|
|a 9780203222430 (e-book : PDF)
|
| 040 |
|
|
|a FlBoTFG
|c FlBoTFG
|d GrThAP
|
| 090 |
|
|
|a K891.B8
|b P67 1993
|
| 092 |
|
|
|a 343.07869
|b P857
|
| 245 |
0 |
0 |
|a Post-construction liability and insurance
|h [electronic resource] /
|c edited by J. Knocke (The National Swedish Institute for Building Research).
|
| 250 |
|
|
|a 1st ed.
|
| 260 |
|
|
|a London ;
|a New York :
|b E & FN Spon,
|c 1993.
|
| 300 |
|
|
|a xxx, 389 p.
|
| 500 |
|
|
|a A project of the CIB Working Commission W87: Post-Construction Liability and Insurance.
|
| 500 |
|
|
|a Includes index.
|
| 530 |
|
|
|a Also available in print edition.
|b CRC Press (http://www.crcpress.com)
|
| 538 |
|
|
|a Mode of access: World Wide Web.
|
| 650 |
|
0 |
|a Construction contracts.
|
| 650 |
|
0 |
|a Construction industry
|x Insurance
|x Law and legislation.
|
| 655 |
|
7 |
|a Electronic books.
|2 lcsh
|
| 700 |
1 |
|
|a Knocke, Jens.
|
| 710 |
2 |
|
|a Statens institut fèor byggnadsforskning (Sweden)
|
| 710 |
2 |
|
|a CIB Working Commission W87: Post-Construction Liability and Insurance.
|
| 776 |
1 |
|
|z 9780419153504
|
| 856 |
4 |
0 |
|u http://www.tandfebooks.com/isbn/9780203222430
|z Full Text via HEAL-Link
|